Identifikácia logistických biznis-procesov
Organizačné štruktúry riadiacich procesov - líniová, funkčná, projektová (maticová). Biznis-proces - súbor vzájomne prepojených prác vo výrobe, ktorej produkcia alebo ponuka služieb je realizovaná na základe potrebných zdrojov. Význam každého biznis-procesu spočíva v tom, aby sa klientovi predložil...
Gespeichert in:
| 1. Verfasser: | |
|---|---|
| Weitere Verfasser: | |
| Format: | Buchkapitel |
| Sprache: | Slowakisch |
| Schlagworte: | |
| Tags: |
Keine Tags, Fügen Sie das erste Tag hinzu!
|
MARC
| LEADER | 00000naa$a2200000$$$4500 | ||
|---|---|---|---|
| 001 | 0044312 | ||
| 005 | 20231106072247.3 | ||
| 041 | 0 | |a slo | |
| 044 | |a SK | ||
| 245 | 1 | 0 | |a Identifikácia logistických biznis-procesov |c Michal Balog, Martin Straka |
| 520 | |a Organizačné štruktúry riadiacich procesov - líniová, funkčná, projektová (maticová). Biznis-proces - súbor vzájomne prepojených prác vo výrobe, ktorej produkcia alebo ponuka služieb je realizovaná na základe potrebných zdrojov. Význam každého biznis-procesu spočíva v tom, aby sa klientovi predložil tovar alebo služba šitý na mieru, t.j. produkt, ktorý vyhovuje klientovi v cene, v termíne dodania, v servise a kvalite. Logistický biznis-proces možno identifikovať ako komplexný biznis-proces pohybu tovaru alebo služieb od prvotného určenia potreby až po hotovú produkciu u klienta. Pravidlá organizovania biznis-procesov. | ||
| 610 | 2 | 0 | |a riadenie |
| 610 | 2 | 0 | |a riadenie procesné |
| 610 | 2 | 0 | |a logistika |
| 610 | 2 | 0 | |a definície |
| 100 | 1 | |a Balog, Michal | |
| 700 | 1 | |a Straka, Martin | |